Culture Générale - Série 108 - Statistiques

Statistiques générales
  • Ce quiz a été pris 565 fois
  • Le résultat moyen est 6 sur 10
Statistiques - réponses
Question Réponse % Correct
En quel insecte la chrysalide se transforme-t-elle ? Papillon
99%
Quel mot désigne la salle où se pratiquent les arts martiaux ? Dojo
84%
Quel personnage animé a pour gimmick : "C'est vraiment trop injuste !" ? Calimero
73%
De quel fleuve la Vienne est-elle un des principaux affluents ? Loire
72%
En Amérique du Sud, quel est le nom d'une vaste plaine herbeuse ? Pampa
61%
Quelle est la profession d'Hélène de Fougerolles ? Actrice
51%
Qui a incarné "Iznogoud" au cinéma en 2005 ? Michaël Youn
48%
Dans "le Corniaud", de Gérard Oury, que désigne le Youkounkoun ? Un diamant
48%
Qui a écrit le poème : "Pour faire le portrait d'un oiseau" ? Jacques Prévert
35%
Quel mythique entraîneur de l'AS St-Etienne était surnommé le Sphinx ? Robert Herbin
22%
Aucun quiz correspondant
Distribution des résultats
% des personnes avec chaque résultat
Percentile par nombre de réponses
Votre historique - résultats
Vous n’avez pas pris ce quiz